Ramon Muntaner : l'aventura medieval per la Mediterrània / Oriol Vergés, J. Ma Ramon l'aventura medieval per la Mediterrània / Oriol Vergés, J. Ma Ramon
Publicado:
Barcelona :
Editorial Graó de Serveis Pedagògics : Diputació de Barcelona, Servei d'Ensenyament i Investigació ,
1986
Descripción Física:
61 p. : il. ; 20 x 21 cm
Colección:
Biblioteca de la classe ; 17
Otros Autores:
Ramon, J. M.
Materias:
Edat mitjana
MARC
| LEADER | 00000nam a2200000Ia 4500 | ||
|---|---|---|---|
| 001 | 2230 | ||
| 008 | 160829s1986 xx 000 0 cat d | ||
| 080 | |a H-2-57 | ||
| 100 | |a Vergés, Oriol |9 35755 | ||
| 245 | |a Ramon Muntaner : |b l'aventura medieval per la Mediterrània / Oriol Vergés, J. Ma Ramon | ||
| 260 | |a Barcelona : |b Editorial Graó de Serveis Pedagògics : |b Diputació de Barcelona, Servei d'Ensenyament i Investigació, |c 1986 | ||
| 300 | |a 61 p. : |b il. ; |c 20 x 21 cm | ||
| 490 | |a Biblioteca de la classe ; 17 | ||
| 650 | |a Edat mitjana |9 32483 | ||
| 700 | |a Ramon, J. M. |9 35756 | ||
| 710 | 1 | |a Barcelona (Catalunya : Província). |b Servei d'Ensenyament i Investigació |9 54366 | |
| 901 | |a Arxiu | ||
| 942 | |n 1 | ||
| 952 | |0 0 |1 0 |4 0 |6 H257 |7 1 |9 47051 |a Arxiu |b Arxiu |d 2016-12-01 |l 0 |o H-2-57 |p 2230 |r 2016-12-01 00:00:00 |w 2016-12-01 |y ARXIU | ||
| 999 | |c 50844 |d 50844 | ||